000 00303nam a22001337a 4500
008 170612b xxu||||| |||| 00| 0 eng d
020 _a9780826108159
041 _aeng
080 _a32
100 _a19
101 _aSHP
245 _aDNP EDUCATION, PRACTICE, AND POLICY
_cAHMED,S.W
942 _2udc
_cBK
999 _c16888
_d16888